История кораблекрушений, или Собрание любопытнейших повествований о кораблекрушениях, зимованиях, пожарах, голоде и других нещастных приключениях, случившихся на море, известных свету пятагонадесять веку до ныне. Ч.2 (Запись № 9677131)

Подробности
000 -МАРКЕР
контрольное поле 03417nam2a22002771 4500
001 - ИДЕНТИФИКАТОР ЗАПИСИ
контрольное поле RU\NLR\A1\12123
005 - ИДЕНТИФИКАТОР ВЕРСИИ
контрольное поле 20251203152403.2
035 ## - ДРУГИЕ СИСТЕМНЫЕ НОМЕРА
Идентификатор записи (NLR Aleph) 009674599
100 ## - ДАННЫЕ ОБЩЕЙ ОБРАБОТКИ
Данные общей обработки 19970801d1800 m y0rusy50 ca
101 1# - ЯЗЫК РЕСУРСА
Язык текста, звукозаписи и т.д. русский
Язык оригинала французский
102 ## - СТРАНА ПУБЛИКАЦИИ ИЛИ ПРОИЗВОДСТВА
Страна публикации Российская Федерация
140 ## - ПОЛЕ КОДИРОВАННЫХ ДАННЫХ: СТАРОПЕЧАТНЫЕ ИЗДАНИЯ - ОБЩАЯ ИНФОРМАЦИЯ
Кодированные данные о старопечатном издании - Основные y a e lgyaa0000
200 0# - ЗАГЛАВИЕ И СВЕДЕНИЯ ОБ ОТВЕТСТВЕННОСТИ
Основное заглавие Ч.2
210 ## - ПУБЛИКАЦИЯ, РАСПРОСТРАНЕНИЕ И ДР.
Дата издания, распространения и т.д. 1800
215 ## - ФИЗИЧЕСКАЯ ХАРАКТЕРИСТИКА
Специфическое обозначение материала и объем VIII, 467, [1] с., 2 л. ил.
316 ## - ПРИМЕЧАНИЯ ОБ ОСОБЕННОСТЯХ ЭКЗЕМПЛЯРА
Текст примечания Экз. РНБ (18.13.7.8(ч.2)) в цельнокожаном светло-коричневом пер. с разводами. Корешок гладкий, с золотым тиснением и двумя красными кожаными наклейками, верхняя с загл.: "История краблекру[шений]", нижняя с указанием номера части: "2". На нижней крышке пер. наклейка с шифром РНБ. На форзаце ярлык с шифром РНБ и старый ярлык. На тит. л., с.33 и 467 круглый штамп ГПБ.
Организация и экземпляр, к которому относится поле NLR: 18.13.7.8(ч.2)
316 ## - ПРИМЕЧАНИЯ ОБ ОСОБЕННОСТЯХ ЭКЗЕМПЛЯРА
Текст примечания Экз. РНБ (138/549(ч.2)) в цельнокожаном коричневом пер. Корешок гладкий, с блинтовым тиснением и черной кожаной наклейкой с загл. и номером части: "История краблекру[шений] 2.". Ниже серая наклейка с перечеркнутыми цифрами. На нижней крышке пер. экслибрис Рус. фонда ГПБ с шифром. На форзаце наклейка с шифром РНБ. На тит. л. круглый штамп ГПБ: "Дублет". На обороте тит. л. и с.33 круглый штамп ГПБ. Имеются пятна. Экз. деф.: отсутствуют 2 л. ил.
Организация и экземпляр, к которому относится поле NLR: 138/549(ч.2)
461 #1 - УРОВЕНЬ НАБОРА
Встроенное поле 001RU\NLR\A1\12121
-- 2000#$aИстория кораблекрушений, или Собрание любопытнейших повествований о кораблекрушениях, зимованиях, пожарах, голоде и других нещастных приключенияхслучившихся на море, известных свету пятагонадесять веку до ныне.$fПеревел с французскаго Гр[игорий] Я[ценков]$vЧ.2
-- 700#1$6z01700$7ba$aDeperthes$bJ.L.H.S.$f1730-1792$gJean Louis Hubert Simon$4070
-- 700#1$6z01700$aДеперт$bЖ.Л.Ю.С.$f1730-1792$gЖан Луи Юбер Симон$4070
Системный номер (АБИС) связанной записи 9677124
Автор Деперт, Ж. Л. Ю. С. (1730-1792)
Место публикации Москва
Дата публикации 1799-1800
Первые сведения об ответственности Перевел с французскаго Гр[игорий] Я[ценков]
Имя издателя, распространителя и т.д. в Университетской типографии, у Ридигера и Клаудия
Заглавие История кораблекрушений, или Собрание любопытнейших повествований о кораблекрушениях, зимованиях, пожарах, голоде и других нещастных приключениях, случившихся на море, известных свету пятагонадесять веку до ныне.
Номер тома Ч.2
801 #0 - ИСТОЧНИК ЗАПИСИ
Страна Российская Федерация
Организация NLR
Дата составления 19970801
852 ## - МЕСТОНАХОЖДЕНИЕ И ШИФР ХРАНЕНИЯ
Идентификатор организации NLR
Шифр хранения (Call Number) 18.13.7.8(ч.2)
852 ## - МЕСТОНАХОЖДЕНИЕ И ШИФР ХРАНЕНИЯ
Идентификатор организации NLR
Шифр хранения (Call Number) 138/549(ч.2)
942 ## - ДОПОЛНИТЕЛЬНЫЕ ЭЛЕМЕНТЫ ЗАПИСИ (АБИС)
Тип экземпляра АБИС Книга
980 ## - КОЛЛЕКЦИЯ
Название коллекции Национальная библиография
980 ## - КОЛЛЕКЦИЯ
Название коллекции Русская книга гражданской печати XVIII в. в библиотеках РФ
Экземпляры
Тип экземпляра Дата поступления Библиотека постоянного хранения Библиотека текущего хранения Место хранения Шифр хранения Штрих-код Статус экземпляра
Книга 29.11.2024 РНБ (Садовая) РНБ (Садовая) Русский книжный фонд -Главное здание, Ленинский читальный зал 18.13.7.8(ч.2) 9674599-10  
Книга 29.11.2024 РНБ (Садовая) РНБ (Садовая) Русский книжный фонд -Главное здание, Ленинский читальный зал 138/549(ч.2) 9674599-20